Cracking in buildings. (Record no. 94162)

MARC details
000 -LEADER
fixed length control field 00833cam a2200289 4500
008 - FIXED-LENGTH DATA ELEMENTS--GENERAL INFORMATION
fixed length control field 090401t1996 xxu||||| |||| 00| 0 eng d
020 ## - INTERNATIONAL STANDARD BOOK NUMBER
International Standard Book Number 186081039X
035 ## - SYSTEM CONTROL NUMBER
System control number (Sirsi) u59529
041 ## - LANGUAGE CODE
Language code of text/sound track or separate title eng
050 ## - LIBRARY OF CONGRESS CALL NUMBER
Classification number 690.25
100 ## - MAIN ENTRY--PERSONAL NAME
Personal name Bonshor, R.B.
245 ## - TITLE STATEMENT
Title Cracking in buildings.
260 ## - PUBLICATION, DISTRIBUTION, ETC.
Place of publication, distribution, etc. London
Name of publisher, distributor, etc. Construction Research Communications Ltd
Date of publication, distribution, etc. 1996
300 ## - PHYSICAL DESCRIPTION
Extent vi,102p. : ill. ; 30cm.
350 ## - PRICE (NR) (BK AM CF MU VM SE) [OBSOLETE]
Price 25
490 ## - SERIES STATEMENT
Series statement BRE Report
Volume/sequential designation 292
520 ## - SUMMARY, ETC.
Summary, etc. An illustrated guide to the causes of cracking and designing to prevent cracking.
650 ## - SUBJECT ADDED ENTRY--TOPICAL TERM
Topical term or geographic name entry element BUILT ENVIRONMENT-CONSTRUCTION DESIGN
650 ## - SUBJECT ADDED ENTRY--TOPICAL TERM
Topical term or geographic name entry element CRACKS
650 ## - SUBJECT ADDED ENTRY--TOPICAL TERM
Topical term or geographic name entry element MOVEMENT
690 ## - LOCAL SUBJECT ADDED ENTRY--TOPICAL TERM (OCLC, RLIN)
Topical term or geographic name as entry element BUILT ENVIRONMENT-BUILDING PATHOLOGY
700 ## - ADDED ENTRY--PERSONAL NAME
Personal name Bonshor, L.L.
710 ## - ADDED ENTRY--CORPORATE NAME
Corporate name or jurisdiction name as entry element Building Research Establishment
942 ## - ADDED ENTRY ELEMENTS (KOHA)
Suppress in OPAC 0
948 ## - LOCAL PROCESSING INFORMATION (OCLC); SERIES PART DESIGNATOR (RLIN)
c (OCLC) 04/03/1997
Holdings
Withdrawn status Lost status Source of classification or shelving scheme Damaged status Not for loan Home library Current library Shelving location Date acquired Cost, normal purchase price Total Checkouts Full call number Barcode Date last seen Date last checked out Copy number Cost, replacement price Price effective from Koha item type
    Dewey Decimal Classification     London London Folio 23/09/2004 30.00 19 F690.25 BON 30069544 06/08/2019 18/01/2009 1 30.00 06/08/2019 Book